Problemas de cálculo vectorial
Salvato in:
| Autore principale: | |
|---|---|
| Natura: | Libro |
| Lingua: | spagnolo |
| Pubblicazione: |
Madrid
Alhambra
1971
|
| Serie: | Matemáticas, 4
|
| Soggetti: | |
| Tags: |
Aggiungi Tag
Nessun Tag, puoi essere il primo ad aggiungerne!!
|
MARC
| LEADER | 00000nam a2200000 a 4500 | ||
|---|---|---|---|
| 001 | UCQ9457 | ||
| 003 | CL-VaPUC | ||
| 008 | 990112e19710000SP |||||||||||||||||spa|d | ||
| 082 | 0 | 4 | |a 515.63 |b CLE |2 21 |
| 100 | 0 | |a Clement Casado, J. M |e author |9 424016 | |
| 245 | 1 | 0 | |a Problemas de cálculo vectorial |
| 300 | |a 232 p | ||
| 942 | |c BK | ||
| 945 | |d 19990112 00:00:00 |a crobeson | ||
| 260 | |a Madrid |b Alhambra |c 1971 | ||
| 650 | 0 | |a Cálculo vectorial |9 408406 | |
| 650 | 0 | |a Análisis vectorial |9 260451 | |
| 583 | |a last modification |c 19990112 00:00:00 |k Rodrigo Vera | ||
| 490 | 0 | |a Matemáticas, 4 | |
| 999 | |c 278460 |d 278458 | ||